000 00596nam a22001937a 4500
005 20250109122528.0
010 _aENG-143289
020 _c795.00
_a978817824549
035 _aEN-126821
037 _bDBAD/PUB
082 _a324.2531083
100 _aPANDIAN, M.S.S.
_976211
245 _aTHE STRANGENESS OF TAMIL NADU/
_cM.S.S.PANDIAN
260 _aranikhet
_bpemanent block
_c2019
270 _aHimlayana mall road ranikhet cantt rantt, ranikher
_branikhet
_e263645
300 _a250p.
_c23cm(pb)
700 _aM.S.S.PANDIAN
_961951
942 _2ddc
_cEN
_mPAN
_h324.2531083
999 _c208273
_d208273